000 00943cam a2200301 a 4500
001 15882747
003 OSt
005 20230602151602.0
008 090826s2008 ii s 000 0 eng
010 _a 2009346823
020 _a9966767150
025 _aI-E-2009-346823; 78-35; 79-35
037 _bLibrary of Congress -- New Delhi Overseas Office
040 _aDLC
_cDLC
_dDLC
042 _alcode
043 _aa-ii---
082 _a316.6762
_bKNB
100 _cKNBS
245 0 0 _aStatistical abstract, 2008.
260 _aDelhi :
_bDirectorate of Economics & Statistics,
_c2008.
300 _a97 p. ;
_c31 cm.
500 _aChiefly statistical tables.
651 0 _aDelhi (India : Union Territory)
_vStatistics.
710 2 _aDelhi (India : Union Territory).
_bDirectorate of Economics & Statistics.
906 _a7
_bcbc
_corigode
_d3
_encip
_f20
_gy-gencatlg
942 _2ddc
_cBK
999 _c191
_d191